[Event "FRA-chT1"]
[Site "Sautron"]
[Date "2013.04.06"]
[Round "10.5"]
[White "Pujos, Stephane"]
[Black "Arene, Olivier"]
[Result "1-0"]
[WhiteElo "2286"]
[BlackElo "1956"]
[PlyCount "65"]
[EventDate "2013.04.??"]
[EventType "team-match"]
[EventRounds "9"]
[EventCountry "FRA"]
[SourceTitle "EXT 2014"]
[Source "ChessBase"]
[SourceDate "2013.11.20"]
[SourceVersion "1"]
[SourceVersionDate "2013.11.20"]
[SourceQuality "1"]
[WhiteTeam "Clichy II"]
[BlackTeam "La Mendrolle"]
[WhiteTeamCountry "FRA"]
[BlackTeamCountry "FRA"]

1. e4 e6 2. Nf3 d5 3. e5 c5 4. b4 cxb4 5. a3 Nc6 6. d4 Bd7 7. axb4 Bxb4+ 8. c3 Ba5 9. Bd3 f5 10. exf6 Qxf6 11. 0-0 Bc7 12. Na3 Nge7 13. Nb5 Bb8 14. Bg5 Qf7 15. Bh4 Qh5 16. Bg3 0-0 17. Bxb8 Raxb8 18. Nxa7 Qh6 19. Nxc6 Nxc6 20. Bb5 Be8 21. Bxc6 bxc6 22. Ne5 Rb2 23. Ra8 Qf6 24. Nd3 Rb5 25. Qe2 Bg6 26. Rxf8+ Kxf8 27. Nc5 Kf7 28. Qe3 h6 29. Qg3 Qe7 30. Qf4+ Kg8 31. Qe5 Bf5 32. h3 Rxc5 33. dxc5 1-0

[Event "FRA-chT1A 1112"]
[Site "France"]
[Date "2011.12.11"]
[Round "5.5"]
[White "Pujos, Stephane"]
[Black "Giacomini, Hector"]
[Result "0-1"]
[WhiteElo "2333"]
[BlackElo "2281"]
[PlyCount "68"]
[EventDate "2011.10.16"]
[EventType "team-tourn"]
[EventRounds "11"]
[EventCountry "FRA"]
[SourceTitle "EXT 2013"]
[Source "ChessBase"]
[SourceDate "2012.11.22"]
[SourceVersion "1"]
[SourceVersionDate "2012.11.22"]
[SourceQuality "1"]
[WhiteTeam "Clichy"]
[BlackTeam "Tours"]
[WhiteTeamCountry "FRA"]
[BlackTeamCountry "FRA"]

1. Nf3 d5 2. c4 e6 3. b3 c5 4. e3 Nc6 5. Bb2 d4 6. exd4 cxd4 7. Bd3 Nf6 8. 0-0 Bd6 9. Re1 0-0 10. Na3 Re8 11. Nc2 e5 12. Ng5 a5 13. Qb1 Bg4 14. Na3 h6 15. Ne4 Nxe4 16. Bxe4 Qg5 17. Nb5 Rad8 18. Nxd6 Rxd6 19. Ba3 Rdd8 20. Qd3 f5 21. Bd5+ Kh8 22. Bf7 e4 23. Qf1 Ne5 24. f4 exf3 25. Bxe8 Rxe8 26. Qf2 fxg2 27. Kxg2 Bf3+ 28. Kf1 Be4 29. Qg3 Bd3+ 30. Qxd3 Nxd3 31. Rxe8+ Kh7 32. Re2 Qf4+ 33. Kg1 Qf3 34. Rg2 Nf4 0-1

[Event "FRA-chT1A 1112"]
[Site "France"]
[Date "2011.12.10"]
[Round "4.5"]
[White "Saucey, Michel"]
[Black "Pujos, Stephane"]
[Result "1-0"]
[WhiteElo "2247"]
[BlackElo "2333"]
[PlyCount "61"]
[EventDate "2011.10.16"]
[EventType "team-tourn"]
[EventRounds "11"]
[EventCountry "FRA"]
[SourceTitle "EXT 2013"]
[Source "ChessBase"]
[SourceDate "2012.11.22"]
[SourceVersion "1"]
[SourceVersionDate "2012.11.22"]
[SourceQuality "1"]
[WhiteTeam "La Membrolle Choisille"]
[BlackTeam "Clichy"]
[WhiteTeamCountry "FRA"]
[BlackTeamCountry "FRA"]

1. d4 Nf6 2. Nf3 g6 3. c4 Bg7 4. g3 0-0 5. Bg2 d5 6. cxd5 Nxd5 7. 0-0 Nb6 8. Nc3 Nc6 9. e3 Re8 10. h3 a5 11. d5 Nb4 12. e4 Na6 13. Bf4 e5 14. Bg5 f6 15. Bc1 c6 16. dxc6 bxc6 17. b3 Qc7 18. Be3 Rd8 19. Qc1 Nb4 20. a3 Na6 21. Qc2 Be6 22. Rfc1 Qb7 23. Rab1 Rac8 24. Na4 Nd7 25. Nd2 Bf8 26. Nc4 Qc7 27. Bf1 Ra8 28. Ncb6 Ra7 29. Nxd7 Bxd7 30. Bxa7 Qxa7 31. Qc4+ 1-0

[Event "FRA-chT1A 1112"]
[Site "France"]
[Date "2011.11.13"]
[Round "3.4"]
[White "Barbot, Pierre"]
[Black "Pujos, Stephane"]
[Result "1-0"]
[WhiteElo "2266"]
[BlackElo "2333"]
[PlyCount "75"]
[EventDate "2011.10.16"]
[EventType "team-tourn"]
[EventRounds "11"]
[EventCountry "FRA"]
[SourceTitle "EXT 2013"]
[Source "ChessBase"]
[SourceDate "2012.11.22"]
[SourceVersion "1"]
[SourceVersionDate "2012.11.22"]
[SourceQuality "1"]
[WhiteTeam "Sautron"]
[BlackTeam "Clichy"]
[WhiteTeamCountry "FRA"]
[BlackTeamCountry "FRA"]

1. e4 c6 2. d4 Na6 3. Nc3 Nc7 4. Be3 g6 5. Qd2 Bg7 6. 0-0-0 d6 7. h4 h5 8. Nh3 b5 9. Ng5 Nf6 10. f3 b4 11. Ne2 a5 12. Nf4 e6 13. Bd3 Ng8 14. Qe2 Ne7 15. g4 Nb5 16. gxh5 gxh5 17. d5 Nxd5 18. Bxb5 cxb5 19. exd5 exd5 20. Qxb5+ Qd7 21. Qxd5 Ra6 22. Qd2 Qa4 23. Kb1 Bxb2 24. Kxb2 Qa3+ 25. Kb1 f6 26. Qd4 Rf8 27. Rd3 Qa4 28. Nh7 Be6 29. Nxf8 Bxa2+ 30. Kc1 Rc6 31. Rh2 Bb3 32. Qb2 Bc4 33. Qxf6 d5 34. Qe5+ Kxf8 35. Rxd5 Qa3+ 36. Kd1 Bxd5 37. Nxd5 Rg6 38. Qf5+ 1-0

[Event "FRA-chT1 1011"]
[Site "France"]
[Date "2010.12.11"]
[Round "4.3"]
[White "Pujos, Stephane"]
[Black "Le Roy, Brice"]
[Result "1-0"]
[WhiteElo "2324"]
[BlackElo "2310"]
[PlyCount "102"]
[EventDate "2010.10.17"]
[EventType "team-tourn"]
[EventRounds "11"]
[EventCountry "FRA"]
[SourceTitle "EXT 2012"]
[Source "ChessBase"]
[SourceDate "2011.11.24"]
[SourceVersion "1"]
[SourceVersionDate "2011.11.24"]
[SourceQuality "1"]

1. d4 c6 2. e4 d5 3. Nd2 g6 4. c3 h5 5. Bd3 Na6 6. Ne2 Nc7 7. 0-0 Nh6 8. Nf3 dxe4 9. Bxe4 Bf5 10. Bxh6 Bxe4 11. Bxf8 Bxf3 12. Bg7 Rh7 13. Be5 Bd5 14. Qd3 Qd7 15. c4 Be6 16. d5 cxd5 17. Bxc7 Qxc7 18. cxd5 Rd8 19. Nc3 h4 20. Qf3 Bf5 21. h3 e5 22. dxe6 fxe6 23. Rfe1 Rhd7 24. Re3 Rd3 25. Rae1 Kf8 26. Ne4 Rxe3 27. Qxe3 Kg8 28. Ng5 e5 29. Nf3 Rd3 30. Qg5 Qd8 31. Qxd8+ Rxd8 32. Rxe5 Kf8 33. Rb5 Be4 34. Rb4 Rd1+ 35. Kh2 Bxf3 36. Rf4+ Ke7 37. Rxf3 Rd2 38. Rb3 b6 39. f3 Rc2 40. Rb5 Kf6 41. a4 Rd2 42. Rb4 g5 43. f4 gxf4 44. Rxf4+ Kg5 45. Rg4+ Kh5 46. b4 a6 47. Re4 Ra2 48. a5 b5 49. Re5+ Kg6 50. Re6+ Kf5 51. Rxa6 Ra4 1-0

[Event "FRA-chT Top 16 Gp Haute"]
[Site "Guingamp"]
[Date "2010.06.05"]
[Round "10.7"]
[White "Vanheirzeele, Daniel"]
[Black "Pujos, Stephane"]
[Result "0-1"]
[WhiteElo "2128"]
[BlackElo "2311"]
[PlyCount "46"]
[EventDate "2010.06.03"]
[EventType "team-tourn"]
[EventRounds "11"]
[EventCountry "FRA"]
[SourceTitle "EXT 2011"]
[Source "ChessBase"]
[SourceDate "2010.11.26"]
[SourceVersion "1"]
[SourceVersionDate "2010.11.26"]
[SourceQuality "1"]
[WhiteTeam "Noyon"]
[BlackTeam "Clichy"]
[WhiteTeamCountry "FRA"]
[BlackTeamCountry "FRA"]

1. d4 Nf6 2. c4 g6 3. Nc3 d5 4. Nf3 Bg7 5. Qb3 dxc4 6. Qxc4 0-0 7. e4 Nc6 8. Bf4 Bg4 9. d5 Bxf3 10. dxc6 b5 11. Nxb5 Bxe4 12. Rd1 Qc8 13. f3 Qf5 14. Bxc7 Bd5 15. Qc5 Rfc8 16. Bd3 Qg5 17. 0-0 a6 18. Be4 e6 19. Nc3 Rxc7 20. Bxd5 exd5 21. Nxd5 Nxd5 22. Rxd5 Qf6 23. Rfd1 Bf8 0-1

[Event "FRA-chT1A 0809"]
[Site "France"]
[Date "2009.04.05"]
[Round "11.2"]
[White "Pujos, Stephane"]
[Black "Sermier, Guillaume"]
[Result "1/2-1/2"]
[WhiteElo "2309"]
[BlackElo "2382"]
[PlyCount "27"]
[EventDate "2008.10.19"]
[EventType "team-tourn"]
[EventRounds "11"]
[EventCountry "FRA"]
[SourceTitle "EXT 2010"]
[Source "ChessBase"]
[SourceDate "2010.11.25"]
[SourceVersion "1"]
[SourceVersionDate "2010.11.25"]
[SourceQuality "1"]
[WhiteTeam "Clichy II"]
[BlackTeam "Besancon TPG"]
[WhiteTeamCountry "FRA"]
[BlackTeamCountry "FRA"]

1. e4 e6 2. d4 d5 3. Nc3 Bb4 4. e5 Ne7 5. Bd2 b6 6. Qg4 0-0 7. f4 Ba6 8. Bxa6 Nxa6 9. Qe2 Nb8 10. Nf3 c5 11. Nb5 Bxd2+ 12. Qxd2 Nbc6 13. c3 Qd7 14. Qe2 1/2-1/2

[Event "FRA-chT1A 0809"]
[Site "France"]
[Date "2008.12.13"]
[Round "4.3"]
[White "Pujos, Stephane"]
[Black "Marino, Olivier"]
[Result "1/2-1/2"]
[WhiteElo "2309"]
[BlackElo "2114"]
[PlyCount "60"]
[EventDate "2008.10.19"]
[EventType "team-tourn"]
[EventRounds "11"]
[EventCountry "FRA"]
[SourceTitle "EXT 2010"]
[Source "ChessBase"]
[SourceDate "2010.11.25"]
[SourceVersion "1"]
[SourceVersionDate "2010.11.25"]
[SourceQuality "1"]
[WhiteTeam "Clichy II"]
[BlackTeam "Cannes II"]
[WhiteTeamCountry "FRA"]
[BlackTeamCountry "FRA"]

1. d4 Nf6 2. Nf3 g6 3. Nc3 d5 4. Bf4 c6 5. Qd2 Bg7 6. Bh6 0-0 7. Bxg7 Kxg7 8. e3 Nbd7 9. Ne5 Qc7 10. f4 Nxe5 11. fxe5 Ne4 12. Nxe4 dxe4 13. Be2 f6 14. 0-0 Bf5 15. exf6+ exf6 16. Rf4 Rae8 17. c4 c5 18. d5 Qe5 19. Rc1 Bd7 20. Qc3 g5 21. Rf2 f5 22. g3 Qxc3 23. Rxc3 b6 24. Bd1 Rf6 25. Rc1 f4 26. gxf4 gxf4 27. Rxf4 Rxf4 28. exf4 e3 29. Be2 Kf6 30. Bf3 Bh3 1/2-1/2

[Event "FRA-chT1A 0809"]
[Site "France"]
[Date "2008.11.08"]
[Round "2.6"]
[White "Nass, Emile"]
[Black "Pujos, Stephane"]
[Result "1/2-1/2"]
[WhiteElo "2162"]
[BlackElo "2309"]
[PlyCount "31"]
[EventDate "2008.10.19"]
[EventType "team-tourn"]
[EventRounds "11"]
[EventCountry "FRA"]
[SourceTitle "EXT 2010"]
[Source "ChessBase"]
[SourceDate "2010.11.25"]
[SourceVersion "1"]
[SourceVersionDate "2010.11.25"]
[SourceQuality "1"]
[WhiteTeam "Mulhouse II"]
[BlackTeam "Clichy II"]
[WhiteTeamCountry "FRA"]
[BlackTeamCountry "FRA"]

1. d4 Nf6 2. Nf3 g6 3. c4 Bg7 4. g3 0-0 5. Bg2 d5 6. 0-0 Nc6 7. cxd5 Nxd5 8. Nc3 Nb6 9. e3 Re8 10. b3 e5 11. dxe5 Nxe5 12. Nxe5 Bxe5 13. Bb2 c6 14. Qc2 Qe7 15. Rfe1 Be6 16. f4 1/2-1/2

[Event "FRA-chT2A 0506"]
[Site "France"]
[Date "2005.12.04"]
[Round "4"]
[White "Pham, Minh Hoang"]
[Black "Pujos, Stephane"]
[Result "1-0"]
[WhiteElo "2466"]
[BlackElo "2306"]
[PlyCount "81"]
[EventDate "2005.10.27"]
[EventType "team-tourn"]
[EventRounds "11"]
[EventCountry "FRA"]
[SourceTitle "EXT 2006"]
[Source "ChessBase"]
[SourceDate "2005.11.24"]
[SourceVersion "1"]
[SourceVersionDate "2005.11.24"]
[SourceQuality "1"]
[WhiteTeam "Sautron"]
[BlackTeam "Bordeaux Echecs"]
[WhiteTeamCountry "FRA"]
[BlackTeamCountry "FRA"]

1. e4 d6 2. d4 Nf6 3. Nc3 e5 4. Nge2 Be7 5. f3 c6 6. Be3 b5 7. Qd2 Qa5 8. g4 0-0 9. Ng3 Re8 10. Be2 Nfd7 11. a3 Nf8 12. 0-0 exd4 13. Bxd4 Qc7 14. Nf5 Ne6 15. Nxe7+ Qxe7 16. Bf2 Rd8 17. Rad1 Nc7 18. Bg3 Ne8 19. e5 d5 20. Bxb5 Qb7 21. Qg5 Rd7 22. Bd3 Qxb2 23. e6 fxe6 24. Bxh7+ Kf8 25. Be5 Qb6+ 26. Bd4 Qa5 27. Ne2 e5 28. Bxe5 Qd8 29. Qh5 Nf6 30. Qh4 Ne8 31. Qg3 g5 32. Bf5 Re7 33. Nd4 c5 34. Bxb8 cxd4 35. Be5 Bxf5 36. gxf5 Qd7 37. f4 Nd6 38. fxg5 Ne4 39. Qh4 Rh7 40. Qf4 Rh5 41. h4 1-0

[Event "FRA-chT2A 0506"]
[Site "France"]
[Date "2005.11.20"]
[Round "3.2"]
[White "Pujos, Stephane"]
[Black "Stets, Dmitry"]
[Result "0-1"]
[WhiteElo "2306"]
[BlackElo "2418"]
[PlyCount "64"]
[EventDate "2005.10.27"]
[EventType "team-tourn"]
[EventRounds "11"]
[EventCountry "FRA"]
[SourceTitle "EXT 2006"]
[Source "ChessBase"]
[SourceDate "2005.11.24"]
[SourceVersion "1"]
[SourceVersionDate "2005.11.24"]
[SourceQuality "1"]
[WhiteTeam "Bordeaux Echecs"]
[BlackTeam "Niort"]
[WhiteTeamCountry "FRA"]
[BlackTeamCountry "FRA"]

1. d4 Nf6 2. c4 g6 3. Nc3 Bg7 4. e4 0-0 5. Nf3 d6 6. Be3 Ng4 7. Bg5 h6 8. Bh4 c5 9. Be2 Nc6 10. d5 Nd4 11. 0-0 a6 12. Rc1 Nxe2+ 13. Qxe2 b5 14. h3 Ne5 15. Nxe5 Bxe5 16. f4 Bd4+ 17. Kh1 bxc4 18. e5 dxe5 19. fxe5 Bb7 20. d6 Qc8 21. Ne4 exd6 22. Rxc4 Bxe5 23. Bf6 Re8 24. Qf2 Bxe4 25. Rxe4 Qd7 26. Rxe5 dxe5 27. Qxc5 Rac8 28. Qe3 Kh7 29. Qg3 Qd5 30. Re1 Re6 31. Qf2 Qd4 32. Qf1 Qf4 0-1

[Event "FRA-chT2 0304"]
[Site "France"]
[Date "2003.11.15"]
[Round "2"]
[White "Roinel, Franck"]
[Black "Pujos, Stephane"]
[Result "1/2-1/2"]
[WhiteElo "2161"]
[BlackElo "2327"]
[PlyCount "139"]
[EventDate "2003.10.??"]
[EventType "team"]
[EventRounds "11"]
[EventCountry "FRA"]
[SourceTitle "EXT 2005"]
[Source "ChessBase"]
[SourceDate "2004.11.15"]
[SourceVersion "1"]
[SourceVersionDate "2004.11.15"]
[SourceQuality "1"]
[WhiteTeam "Avoine"]
[BlackTeam "Bordeaux Echecs I"]
[WhiteTeamCountry "FRA"]
[BlackTeamCountry "FRA"]

1. e4 Nf6 2. e5 Nd5 3. Bc4 Nb6 4. Bb3 c5 5. c3 c4 6. Bc2 Nc6 7. Qe2 d6 8. exd6 e5 9. Na3 Be6 10. b3 cxb3 11. Bxb3 Bxb3 12. axb3 Bxd6 13. Nf3 0-0 14. 0-0 Nd5 15. Nc4 Re8 16. g3 Bc7 17. Ne3 Nf4 18. Qb5 e4 19. Ne1 Nh3+ 20. Kg2 Ng5 21. f4 exf3+ 22. Nxf3 Ne4 23. Ra4 Bb6 24. Ng4 Nc5 25. Rf4 Qd3 26. Qc4 Qxc4 27. Rxc4 Nxb3 28. d4 Re2+ 29. Kh3 Nxc1 30. Rxc1 f6 31. Ng1 Ree8 32. Nf2 Rad8 33. Nd3 Na5 34. Rb4 Re3 35. Nf4 Nc6 36. Rb5 Ne7 37. Kg2 Nc8 38. Nd5 Re6 39. Nf3 Red6 40. c4 a6 41. Rb4 Rc6 42. Ra1 Rd7 43. Rab1 Ba7 44. Rxb7 Rxb7 45. Rxb7 Rxc4 46. Nc7 Rc6 47. Ne8 Re6 48. Rxg7+ Kf8 49. Nc7 Kxg7 50. Nxe6+ Kf7 51. Nc7 a5 52. Nb5 Ke6 53. Kf2 Kd5 54. Nd2 Kc6 55. Nxa7+ Nxa7 56. Ke3 Kd5 57. Kd3 Nb5 58. Ne4 f5 59. Nf6+ Kd6 60. Kc4 a4 61. Nxh7 a3 62. Kb3 Nxd4+ 63. Kxa3 Nf3 64. h3 Ke7 65. g4 f4 66. g5 Kf7 67. Kb3 Kg7 68. Nf6 Nxg5 69. Nh5+ Kg6 70. Nxf4+ 1/2-1/2

[Event "Creon op 8th"]
[Site "Creon"]
[Date "2003.08.02"]
[Round "8"]
[White "Bouvier, Bruno"]
[Black "Pujos, Stephane"]
[Result "1/2-1/2"]
[WhiteElo "2215"]
[BlackElo "2338"]
[PlyCount "92"]
[EventDate "2003.07.28"]
[EventType "swiss"]
[EventRounds "9"]
[EventCountry "FRA"]
[SourceTitle "CBM 095 Extra"]
[Source "ChessBase"]
[SourceDate "2003.09.04"]
[SourceVersion "1"]
[SourceVersionDate "2003.09.04"]
[SourceQuality "1"]

1. e4 e5 2. Nc3 Nf6 3. g3 Nc6 4. Bg2 Bb4 5. Nge2 0-0 6. 0-0 a6 7. Nd5 Bd6 8. d4 Nxd5 9. exd5 Nxd4 10. Nxd4 exd4 11. Qxd4 c5 12. dxc6 dxc6 13. Bd2 c5 14. Qc3 Qc7 15. Be3 Be6 16. Rad1 Rac8 17. f4 b5 18. Rfe1 Rfd8 19. Qd3 Bg4 20. Ra1 Be5 21. Qb3 Be6 22. Qa3 b4 23. Qxa6 Bxb2 24. Rad1 Bc3 25. Rf1 Bf5 26. Qb7 Re8 27. Qxc7 Rxc7 28. Rd5 Bxc2 29. Rxc5 Rxc5 30. Bxc5 Bd3 31. Rd1 Bc4 32. Bd5 Bxd5 33. Rxd5 h5 34. Rd1 Ra8 35. Rb1 Kh7 36. Bxb4 Bd4+ 37. Kh1 Rxa2 38. Rd1 Ba7 39. Rd5 Kg6 40. Rg5+ Kh6 41. Ra5 Rxa5 42. Bxa5 h4 43. Kg2 Kh5 44. Bc3 g5 45. fxg5 Kxg5 46. Kh3 hxg3 1/2-1/2

[Event "Montpellier op"]
[Site "Montpellier"]
[Date "2003.07.08"]
[Round "2"]
[White "Pujos, Stephane"]
[Black "Miralles, Gilles"]
[Result "0-1"]
[WhiteElo "2338"]
[BlackElo "2463"]
[PlyCount "68"]
[EventDate "2003.07.07"]
[EventType "swiss"]
[EventRounds "9"]
[EventCountry "FRA"]
[SourceTitle "CBM 095 Extra"]
[Source "ChessBase"]
[SourceDate "2003.09.04"]
[SourceVersion "1"]
[SourceVersionDate "2003.09.04"]
[SourceQuality "1"]

1. e4 c6 2. d4 d5 3. exd5 cxd5 4. c4 Nf6 5. Nc3 g6 6. Qb3 Bg7 7. cxd5 0-0 8. Be2 Nbd7 9. Bf3 Nb6 10. Nge2 Bg4 11. Bxg4 Nxg4 12. a4 a5 13. 0-0 Qd6 14. Bf4 Qb4 15. Qd1 Rac8 16. Ra3 Qc4 17. d6 exd6 18. Nb5 Qc2 19. Nxd6 Qxd1 20. Rxd1 Rc2 21. Rd2 Rxd2 22. Bxd2 Rd8 23. Nxb7 Re8 24. Kf1 Nc4 25. Rd3 Nxb2 26. Rh3 Nc4 27. Bc1 h5 28. Nc5 Bf8 29. Bf4 Nb6 30. Rc3 Nd5 31. Rh3 Rxe2 32. Kxe2 Nxf4+ 33. Kf3 Nxh3 34. gxh3 Nf6 0-1

[Event "FRA-chT Poule Basse"]
[Site "France"]
[Date "2003.05.08"]
[Round "9.1"]
[White "Charnushevich, Aliaksei"]
[Black "Pujos, Stephane"]
[Result "1-0"]
[WhiteElo "2486"]
[BlackElo "2331"]
[PlyCount "65"]
[EventDate "2003.05.07"]
[EventType "team-tourn"]
[EventRounds "4"]
[EventCountry "FRA"]
[SourceTitle "CBM 095"]
[Source "ChessBase"]
[SourceDate "2003.07.25"]
[SourceVersion "1"]
[SourceVersionDate "2003.07.25"]
[SourceQuality "1"]
[WhiteTeam "Besancon"]
[BlackTeam "Bordeaux"]
[WhiteTeamCountry "FRA"]
[BlackTeamCountry "FRA"]

1. d4 Nf6 2. c4 g6 3. Nc3 d5 4. cxd5 Nxd5 5. Bd2 Bg7 6. e4 Nb6 7. Be3 0-0 8. Be2 f5 9. Nh3 Nc6 10. d5 Ne5 11. Qb3 fxe4 12. 0-0-0 Nd3+ 13. Bxd3 exd3 14. Rxd3 Bf5 15. Rd2 Qd6 16. Ng5 Kh8 17. Nce4 Bxe4 18. Nxe4 Qe5 19. Nc5 Rf5 20. Bd4 Qxd4 21. Rxd4 Bxd4 22. Ne6 Bf6 23. f4 Rxd5 24. Rd1 c6 25. a4 Ra5 26. g4 Nxa4 27. Qxb7 Nb6 28. g5 Ra1+ 29. Kc2 Rxd1 30. Kxd1 Bxb2 31. Qxe7 Nc4 32. Qb4 Ne3+ 33. Ke2 1-0

[Event "FRA-chT Poule Basse"]
[Site "France"]
[Date "2003.05.07"]
[Round "8.6"]
[White "Wirig, Anthony"]
[Black "Pujos, Stephane"]
[Result "1/2-1/2"]
[WhiteElo "2347"]
[BlackElo "2331"]
[PlyCount "96"]
[EventDate "2003.05.07"]
[EventType "team-tourn"]
[EventRounds "4"]
[EventCountry "FRA"]
[SourceTitle "CBM 095"]
[Source "ChessBase"]
[SourceDate "2003.07.25"]
[SourceVersion "1"]
[SourceVersionDate "2003.07.25"]
[SourceQuality "1"]
[WhiteTeam "Vandoeuvre"]
[BlackTeam "Bordeaux"]
[WhiteTeamCountry "FRA"]
[BlackTeamCountry "FRA"]

1. c4 c5 2. g3 g6 3. Bg2 Bg7 4. Nc3 Nc6 5. a3 a6 6. Rb1 Rb8 7. b4 cxb4 8. axb4 b5 9. c5 a5 10. Ba3 axb4 11. Bxb4 Nh6 12. e3 Nf5 13. d4 0-0 14. Nge2 Bb7 15. 0-0 d6 16. cxd6 Nxb4 17. Bxb7 Rxb7 18. Rxb4 Nxd6 19. Qd3 Qd7 20. Rfb1 Rfb8 21. Nc1 Qc6 22. N3e2 e5 23. Nb3 Qc4 24. Qd2 Ne4 25. Qe1 Ng5 26. Nd2 Qd3 27. Kg2 Qf5 28. h4 Ne4 29. d5 Nc5 30. e4 Qd7 31. Qd1 Bf8 32. Nc3 Nd3 33. R4b3 b4 34. Na2 Qa4 35. Rxd3 Qxa2 36. Rdb3 Rc8 37. R1b2 Qa4 38. Nf3 Bd6 39. Qe2 Rbc7 40. Nd2 Rc3 41. Rxc3 bxc3 42. Rc2 Kg7 43. Nf3 Rc7 44. Ne1 Qd4 45. Nf3 Qb4 46. Ne1 Ra7 47. Nd3 Qd4 48. Qe3 Qxe3 1/2-1/2

[Event "Lausanne op"]
[Site "Lausanne"]
[Date "2003.??.??"]
[Round "4"]
[White "Pujos, Stephane"]
[Black "Vianin, Pascal"]
[Result "0-1"]
[WhiteElo "2331"]
[BlackElo "2129"]
[PlyCount "84"]
[EventDate "2003.05.??"]
[EventType "swiss"]
[EventRounds "7"]
[EventCountry "SUI"]
[SourceTitle "EXT 2005"]
[Source "ChessBase"]
[SourceDate "2004.11.15"]
[SourceVersion "1"]
[SourceVersionDate "2004.11.15"]
[SourceQuality "1"]

1. Nf3 f5 2. e4 fxe4 3. Ng5 Nf6 4. d3 d5 5. dxe4 e5 6. exd5 Bc5 7. Bb5+ c6 8. dxc6 Qxd1+ 9. Kxd1 bxc6 10. Bc4 Bxf2 11. Ne6 Bxe6 12. Bxe6 Nbd7 13. Ke2 Bb6 14. Nc3 Nf8 15. Bb3 Ke7 16. Na4 Ne6 17. c3 Nd5 18. Nxb6 axb6 19. g3 h5 20. Be3 Nxe3 21. Kxe3 h4 22. Bc2 hxg3 23. hxg3 Rxh1 24. Rxh1 Rxa2 25. Rb1 Nc5 26. Bd1 Na4 27. Bxa4 Rxa4 28. Rd1 Ra2 29. Rd2 Ke6 30. Ke4 Ra1 31. Rd8 Re1+ 32. Kf3 Rb1 33. Re8+ Kd5 34. Re7 Rxb2 35. Rxg7 Rb3 36. Rd7+ Kc4 37. g4 Rxc3+ 38. Ke4 b5 39. g5 b4 40. g6 b3 41. Kxe5 Rg3 42. g7 b2 0-1

[Event "FRA-chT2"]
[Site "France"]
[Date "2002.03.??"]
[Round "11.6"]
[White "Miraoui, Karim"]
[Black "Pujos, Stephane"]
[Result "1-0"]
[WhiteElo "2082"]
[BlackElo "2297"]
[PlyCount "73"]
[EventDate "2002.??.??"]
[EventType "team"]
[EventRounds "11"]
[EventCountry "FRA"]
[SourceTitle "EXT 2003"]
[Source "ChessBase"]
[SourceDate "2002.11.25"]
[SourceVersion "1"]
[SourceVersionDate "2002.11.25"]
[SourceQuality "1"]

1. d4 Nf6 2. c4 e6 3. Nc3 d5 4. cxd5 exd5 5. Bg5 Be7 6. e3 0-0 7. Bd3 Nbd7 8. Qc2 c6 9. Nge2 Re8 10. 0-0 Nf8 11. Rab1 Ne4 12. Bxe7 Qxe7 13. b4 a6 14. a4 Ng6 15. b5 axb5 16. axb5 Nh4 17. Nxe4 dxe4 18. Bc4 Bg4 19. Ng3 Nxg2 20. Kxg2 Qh4 21. Rfc1 Bf3+ 22. Kg1 h5 23. bxc6 bxc6 24. Bf1 Re6 25. Rb6 Qf6 26. Bh3 Rd6 27. Qc5 h4 28. Nf5 Qg5+ 29. Kf1 Ra2 30. Re1 Re6 31. Rb8+ Kh7 32. Qf8 Bg2+ 33. Bxg2 Qxf5 34. Qh8+ Kg6 35. Qxh4 c5 36. Rh8 c4 37. Qh7+ 1-0

[Event "Cannes op"]
[Site "Cannes"]
[Date "2002.02.25"]
[Round "1"]
[White "Palac, Mladen"]
[Black "Pujos, Stephane"]
[Result "0-1"]
[WhiteElo "2580"]
[BlackElo "2297"]
[PlyCount "76"]
[EventDate "2002.02.25"]
[EventType "swiss"]
[EventRounds "9"]
[EventCountry "FRA"]
[SourceTitle "EXT 2003"]
[Source "ChessBase"]
[SourceDate "2002.11.25"]
[SourceVersion "1"]
[SourceVersionDate "2002.11.25"]
[SourceQuality "1"]

1. e4 e5 2. Nf3 Nc6 3. Bb5 a6 4. Ba4 Nf6 5. 0-0 Be7 6. Re1 b5 7. Bb3 0-0 8. a4 Bb7 9. d3 d6 10. c3 Na5 11. Ba2 c5 12. Na3 Qd7 13. axb5 axb5 14. Bd2 c4 15. Bg5 Qc6 16. Qe2 Rfc8 17. d4 Qe8 18. Qc2 Nc6 19. d5 Nb8 20. Rad1 Na6 21. Nxe5 dxe5 22. d6 Nc5 23. dxe7 Qxe7 24. Bb1 Nd3 25. Re3 h6 26. Bxf6 Qxf6 27. Qd2 Nf4 28. Ree1 Qg5 29. g3 Qg4 30. Qe3 Bc6 31. f3 Qg6 32. Kh1 Ne6 33. Nc2 Rd8 34. Nb4 Be8 35. Rd5 Qf6 36. Red1 Ng5 37. Kg2 Rxd5 38. Nxd5 Qe6 0-1

[Event "FRA-chT2"]
[Site "France"]
[Date "2002.01.??"]
[Round "5"]
[White "Riazuelo, Gilles"]
[Black "Pujos, Stephane"]
[Result "0-1"]
[WhiteElo "2064"]
[BlackElo "2297"]
[PlyCount "76"]
[EventDate "2002.??.??"]
[EventType "team"]
[EventRounds "11"]
[EventCountry "FRA"]
[SourceTitle "EXT 2003"]
[Source "ChessBase"]
[SourceDate "2002.11.25"]
[SourceVersion "1"]
[SourceVersionDate "2002.11.25"]
[SourceQuality "1"]

1. e4 c5 2. Nc3 Nc6 3. f4 g6 4. Nf3 Bg7 5. Bb5 Nd4 6. 0-0 Nxb5 7. Nxb5 a6 8. Nc3 b5 9. d3 d6 10. Qe1 Bb7 11. f5 Nf6 12. Qh4 b4 13. Ne2 gxf5 14. exf5 Qb6 15. Kh1 0-0-0 16. Bd2 h5 17. Qe1 Rdg8 18. a3 Ng4 19. axb4 cxb4 20. Bxb4 Ne3 21. Qf2 Bh6 22. Ba5 Qc5 23. b4 Qxf5 24. Qe1 Kb8 25. Qc3 Rc8 26. Bc7+ Ka7 27. Ned4 Qd7 28. b5 Rxc7 29. Nc6+ Rxc6 30. bxc6 Qg4 31. Rg1 Rc8 32. h3 Qf4 33. Nd4 Nf5 34. Nb5+ Kb6 35. Qa5+ Kxc6 36. Na7+ Kd7 37. Nxc8 Ng3+ 38. Kh2 Nf1+ 0-1

[Event "Saint Affrique op 10th"]
[Site "Saint Affrique"]
[Date "2002.??.??"]
[Round "4"]
[White "Brochet, Philippe"]
[Black "Pujos, Stephane"]
[Result "1/2-1/2"]
[WhiteElo "2381"]
[BlackElo "2297"]
[PlyCount "71"]
[EventDate "2002.07.20"]
[EventType "swiss"]
[EventRounds "9"]
[EventCountry "FRA"]
[SourceTitle "EXT 2003"]
[Source "ChessBase"]
[SourceDate "2002.11.25"]
[SourceVersion "1"]
[SourceVersionDate "2002.11.25"]
[SourceQuality "1"]

1. e4 e5 2. Bc4 Nf6 3. d3 c6 4. Nf3 d5 5. Bb3 a5 6. a4 Bd6 7. 0-0 0-0 8. Bg5 dxe4 9. dxe4 Na6 10. Nbd2 Nc5 11. Nc4 Bc7 12. Qxd8 Bxd8 13. Nfxe5 Nxb3 14. cxb3 Nxe4 15. Bxd8 Rxd8 16. Rfd1 Be6 17. Rxd8+ Rxd8 18. Nxa5 f6 19. Nxb7 Rb8 20. Nxc6 Rxb7 21. Nd8 Re7 22. Nxe6 Rxe6 23. b4 Nd2 24. Rd1 Nc4 25. a5 Nxb2 26. Rd8+ Kf7 27. g3 Re1+ 28. Kg2 Ra1 29. Ra8 Nc4 30. a6 Nd6 31. Kf3 Ra4 32. Ke2 Rxb4 33. a7 Ra4 34. Rd8 Ra2+ 35. Kf1 Rxa7 36. Rxd6 1/2-1/2